|
|
|
|
| LEADER |
00939nab a2200265 i 4500 |
| 001 |
misc65724 |
| 005 |
20240927101531.0 |
| 008 |
240223s1931 hu o 000 fre d |
| 022 |
|
|
|a 0044-8699
|
| 040 |
|
|
|a SZTE Miscellanea Repozitórium
|b hun
|
| 041 |
|
|
|a fre
|
| 041 |
|
|
|a per
|
| 100 |
1 |
|
|a Tauer Felix
|
| 245 |
1 |
4 |
|a Les manuscrits persans historiques des bibliothèques de Stamboul
|h [elektronikus dokumentum] :
|b deuxième partie /
|c Tauer Felix
|
| 260 |
|
|
|a Oriental Institute of the Czech Academy of Sciences
|b Praha
|c 1931
|
| 300 |
|
|
|a 303-326
|
| 300 |
|
|
|a [24] p.
|
| 490 |
0 |
|
|a Archiv Orientální
|
| 561 |
|
|
|a Németh Gyula hagyaték
|
| 591 |
|
|
|a NOP 5941
|
| 650 |
|
4 |
|a Bölcsészettudományok
|
| 650 |
|
4 |
|a Történettudomány és régészet
|
| 650 |
|
4 |
|a Nyelvek és irodalom
|
| 695 |
|
|
|a Kéziratok - perzsa - katalógus, Iszlám története
|
| 856 |
4 |
0 |
|u http://misc.bibl.u-szeged.hu/65724/1/5941_nop.pdf
|z Dokumentum-elérés
|